हिंदी पत्रकारिता का इतिहास / (Record no. 61708)
[ view plain ]
| 000 -LEADER | |
|---|---|
| fixed length control field | 01141nam a22002297a 4500 |
| 005 - DATE AND TIME OF LATEST TRANSACTION | |
| control field | 20120131112745.0 |
| 008 - FIXED-LENGTH DATA ELEMENTS--GENERAL INFORMATION | |
| fixed length control field | 100209t xxu||||| |||| 00| 0 hin d |
| 010 ## - LCCN (DPL NO) | |
| LC control number | B-152865 |
| 020 ## - INTERNATIONAL STANDARD BOOK NUMBER | |
| Terms of availability | 500.00 |
| International Standard Book Number | 8173155143 |
| 035 ## - SYSTEM CONTROL NUMBER | |
| System control number | B-152865 |
| 037 ## - SOURCE OF ACQUISITION | |
| Source of stock number/acquisition | प्रभात प्रकाशन |
| 040 ## - CATALOGING SOURCE | |
| Original cataloging agency | DPL |
| Language of cataloging | HN |
| 082 ## - DEWEY DECIMAL CLASSIFICATION NUMBER | |
| Classification number | 070.409 |
| 100 ## - MAIN ENTRY--PERSONAL NAME | |
| Personal name | चतुर्वेदी, जगदीश प्रसाद |
| 9 (RLIN) | 40428 |
| 245 ## - TITLE STATEMENT | |
| Title | हिंदी पत्रकारिता का इतिहास / |
| Statement of responsibility, etc | जगदीश प्रसाद चतुर्वेदी |
| 260 ## - PUBLICATION, DISTRIBUTION, ETC. (IMPRINT) | |
| Place of publication, distribution, etc | नई दिल्ली |
| Name of publisher, distributor, etc | प्रभात प्रकाशन |
| Date of publication, distribution, etc | 2004 |
| 270 ## - ADDRESS | |
| Address | 4/19 आसफ अली रोड |
| City | नई दिल्ली |
| Postal code | 110002 |
| 300 ## - PHYSICAL DESCRIPTION | |
| Extent | 394पृ. |
| Dimensions | 22सेमी (सजिल्द) |
| 942 ## - ADDED ENTRY ELEMENTS (KOHA) | |
| Source of classification or shelving scheme | Dewey Decimal Classification |
| Item type | Hindi Books |
| Call number suffix | चतुर्वे |
| Classification part | 070.409 |
| Withdrawn status | Lost status | Source of classification or shelving scheme | Damaged status | Not for loan | Collection code | Home library | Current library | Date acquired | Cost, normal purchase price | Total Checkouts | Full call number | Barcode | Date last seen | Cost, replacement price | Koha item type | Public note |
|---|---|---|---|---|---|---|---|---|---|---|---|---|---|---|---|---|
| Dewey Decimal Classification | Non-fiction | Sarojini Nagar | Sarojini Nagar | 31/01/2012 | 500.00 | 070.409 चतुर्वे | B-152865 | 31/01/2012 | 500.00 | Hindi Books | Withdrawn List Prepared List No.22/3 |
